Tin học văn phòng : Microsoft Word phiên bản mới nhất
Nội dung sách là những hướng dẫn sử dụng phần mếm Microsoft Word bằng hình ảnh trực quan.
Spremljeno u:
| Format: | Knjiga |
|---|---|
| Jezik: | Undetermined |
| Izdano: |
Hà Nội
Thống Kê
2006
|
| Teme: | |
| Oznake: |
Dodaj oznaku
Bez oznaka, Budi prvi tko označuje ovaj zapis!
|
| Thư viện lưu trữ: | Trung tâm Học liệu Trường Đại học Cần Thơ |
|---|
| LEADER | 00676nam a2200193Ia 4500 | ||
|---|---|---|---|
| 001 | CTU_110514 | ||
| 008 | 210402s9999 xx 000 0 und d | ||
| 020 | |c 23000 | ||
| 082 | |a 005.3 | ||
| 082 | |b T311 | ||
| 245 | 0 | |a Tin học văn phòng : | |
| 245 | 0 | |b Microsoft Word phiên bản mới nhất | |
| 260 | |a Hà Nội | ||
| 260 | |b Thống Kê | ||
| 260 | |c 2006 | ||
| 520 | |a Nội dung sách là những hướng dẫn sử dụng phần mếm Microsoft Word bằng hình ảnh trực quan. | ||
| 650 | |a Software application,Word ( computer programs ) | ||
| 904 | |i M.Loan | ||
| 980 | |a Trung tâm Học liệu Trường Đại học Cần Thơ | ||